[Event "Novoborska Sachova Corrida 2019"]
[Site "Novy Bor"]
[Date "2019.08.22"]
[Round "5.1"]
[White "Van Wely, Loek"]
[Black "Nguyen, Thai Dai Van"]
[Result "1/2-1/2"]
[WhiteElo "2608"]
[BlackElo "2535"]
[Annotator "ChessBase"]
[PlyCount "219"]
[EventDate "2019.08.21"]
[EventCountry "CZE"]
[SourceTitle "playchess.com"]
[Source "ChessBase"]
[SourceQuality "1"]
[TimeControl "40/5400+30:1800+30"]

1. c4 {[%emt 0:00:00]} Nf6 {[%emt 0:00:00]} 2. Nc3 {[%emt 0:00:00]} e5 {[%emt 0:00:00]} 3. g3 {[%emt 0:00:00]} Bb4 {[%emt 0:00:00]} 4. e4 {[%emt 0:00:00]} Bxc3 {[%emt 0:00:00]} 5. dxc3 {[%emt 0:00:07]} d6 {[%emt 0:00:03]} 6. Qc2 {[%emt 0:01:41]} Nc6 {[%emt 0:02:32]} 7. Nf3 {[%emt 0:03:34]} Be6 {[%emt 0:02:55]} 8. Be3 {[%emt 0:12:34]} O-O {[%emt 0:06:45]} 9. h3 {[%emt 0:01:57]} h6 {[%emt 0:03:08]} 10. Rd1 {[%emt 0:07:52]} a6 {[%emt 0:11:54]} 11. b3 {[%emt 0:11:19]} Qd7 {[%emt 0:03:11]} 12. g4 {[%emt 0:05:17]} Qe8 {[%emt 0:21:05]} 13. Rg1 {[%emt 0:10:59]} Ne7 {[%emt 0:01:22]} 14. g5 {[%emt 0:01:51]} hxg5 {[%emt 0:00:34]} 15. Nxg5 {[%emt 0:00:38]} Ng6 {[%emt 0:06:46]} 16. Qe2 {[%emt 0:04:10]} Nf4 {[%emt 0:09:04]} 17. Bxf4 {[%emt 0:01:38]} exf4 {[%emt 0:00:05]} 18. Kd2 {[%emt 0:18:45]} Bd7 {[%emt 0:03:16]} 19. Qf3 {[%emt 0:02:15]} Qe5 {[%emt 0:00:16]} 20. Bd3 {[%emt 0:00:25]} g6 {[%emt 0:07:33]} 21. Qg2 {[%emt 0:02:10]} Bg4 {[%emt 0:08:25]} 22. Nxf7 {[%emt 0:01:18]} Kxf7 {[%emt 0:00:34]} 23. hxg4 {[%emt 0:00:13]} g5 {[%emt 0:00:02]} 24. Rh1 {[%emt 0:01:08]} Rh8 {[%emt 0:00:18]} 25. Kc2 {[%emt 0:00:42]} Kg7 {[%emt 0:01:27]} 26. b4 {[%emt 0:01:29]} a5 {[%emt 0:01:13]} 27. Rxh8 {[%emt 0:02:07]} Rxh8 {[%emt 0:00:41]} 28. a3 {[%emt 0:03:28]} Ra8 {[%emt 0:01:14]} 29. Kb3 {[%emt 0:00:59]} Qe8 {[%emt 0:02:58]} 30. Ra1 {[%emt 0:01:02]} Nd7 {[%emt 0:00:37]} 31. e5 {[%emt 0:00:22]} Nxe5 {[%emt 0:02:56]} 32. Qe4 {[%emt 0:01:27]} Qg6 {[%emt 0:01:02]} 33. Qxg6+ {[%emt 0:00:44]} Nxg6 {[%emt 0:00:02]} 34. Be4 {[%emt 0:01:22]} a4+ {[%emt 0:00:21]} 35. Kc2 {[%emt 0:00:07]} Re8 {[%emt 0:00:45]} 36. f3 {[%emt 0:00:41]} Ne5 {[%emt 0:00:49]} 37. Bxb7 {[%emt 0:01:14]} Nxc4 {[%emt 0:00:08]} 38. Kd3 {[%emt 0:00:31]} Ne5+ {[%emt 0:00:20]} 39. Kd4 {[%emt 0:00:32]} c6 {[%emt 0:00:48]} 40. Rf1 {[%emt 0:00:00]} Rh8 {[%emt 0:00:00]} 41. c4 {[%emt 0:03:44]} Rh2 {[%emt 0:04:40]} 42. b5 {[%emt 0:01:59]} Rd2+ {[%emt 0:02:35]} 43. Kc3 {[%emt 0:10:09]} Rd3+ {[%emt 0:00:22]} 44. Kc2 {[%emt 0:02:41]} cxb5 {[%emt 0:05:06]} 45. cxb5 {[%emt 0:00:14]} Rb3 {[%emt 0:00:04]} 46. Rb1 {[%emt 0:03:44]} Rxb1 {[%emt 0:00:31]} 47. Kxb1 {[%emt 0:00:05]} Nc4 {[%emt 0:00:54]} 48. Bc6 {[%emt 0:06:55]} Nxa3+ {[%emt 0:00:40]} 49. Kb2 {[%emt 0:00:06]} Nc4+ {[%emt 0:00:04]} 50. Kc3 {[%emt 0:00:04]} Nb6 {[%emt 0:01:21]} 51. Be4 {[%emt 0:00:22]} Kf6 {[%emt 0:00:30]} 52. Kb4 {[%emt 0:00:26]} Ke5 {[%emt 0:08:59]} 53. Bc2 {[%emt 0:00:07]} Kd4 {[%emt 0:01:56]} 54. Bxa4 {[%emt 0:00:07]} Nd5+ {[%emt 0:06:11]} 55. Ka5 {[%emt 0:00:43]} Kc5 {[%emt 0:00:05]} 56. Bd1 {[%emt 0:01:38]} Nb6 {[%emt 0:00:35]} 57. Be2 {[%emt 0:00:08]} d5 {[%emt 0:00:22]} 58. Ka6 {[%emt 0:00:34]} d4 {[%emt 0:00:36]} 59. Bf1 {[%emt 0:01:32]} Nd5 {[%emt 0:01:13]} 60. Ka7 {[%emt 0:00:23]} Nb6 {[%emt 0:02:13]} 61. Ka6 {[%emt 0:01:35]} Nd7 {[%emt 0:00:36]} 62. Ka7 {[%emt 0:01:24]} Ne5 {[%emt 0:02:22]} 63. b6 {[%emt 0:00:08]} d3 {[%emt 0:00:16]} 64. b7 {[%emt 0:00:22]} d2 {[%emt 0:00:12]} 65. Be2 {[%emt 0:00:04]} Nd7 {[%emt 0:00:58]} 66. Ka6 {[%emt 0:05:52]} Kb4 {[%emt 0:02:36]} 67. Ka7 {[%emt 0:00:17]} Kc5 {[%emt 0:01:29]} 68. Ka6 {[%emt 0:00:08]} Kc6 {[%emt 0:00:35]} 69. Ka7 {[%emt 0:00:40]} Kd5 {[%emt 0:00:36]} 70. Bd1 {[%emt 0:01:15]} Kd4 {[%emt 0:00:12]} 71. Ba4 {[%emt 0:00:40]} Ke3 {[%emt 0:00:17]} 72. Bd1 {[%emt 0:00:20]} Kf2 {[%emt 0:00:19]} 73. Ba4 {[%emt 0:00:09]} Kxf3 {[%emt 0:01:11]} 74. Bxd7 {[%emt 0:00:13]} d1=Q {[%emt 0:00:05]} 75. Bc6+ {[%emt 0:00:09]} Kxg4 {[%emt 0:00:26]} 76. b8=Q {[%emt 0:00:05]} Qa1+ {[%emt 0:00:51]} 77. Kb6 {[%emt 0:00:07]} Qd4+ {[%emt 0:00:10]} 78. Ka6 {[%emt 0:00:45]} Qa1+ {[%emt 0:00:16]} 79. Kb6 {[%emt 0:00:06]} Qd4+ {[%emt 0:00:12]} 80. Ka6 {[%emt 0:00:08]} f3 {[%emt 0:00:37]} 81. Bb5 {[%emt 0:01:41]} Qa1+ {[%emt 0:00:20]} 82. Kb6 {[%emt 0:00:40]} Qd4+ {[%emt 0:00:03]} 83. Ka6 {[%emt 0:00:14]} Qf6+ {[%emt 0:00:15]} 84. Ka5 {[%emt 0:00:19]} Qf4 {[%emt 0:00:17]} 85. Qb6 {[%emt 0:01:08]} Qd2+ {[%emt 0:00:30]} 86. Ka6 {[%emt 0:00:14]} Kg3 {[%emt 0:00:48]} 87. Qc7+ {[%emt 0:00:33]} Qf4 {[%emt 0:01:05]} 88. Qc3 {[%emt 0:00:07]} Qd6+ {[%emt 0:00:33]} 89. Bc6 {[%emt 0:00:27]} g4 {[%emt 0:00:34]} 90. Qe1+ {[%emt 0:00:06]} Kf4 {[%emt 0:00:18]} 91. Qc1+ {[%emt 0:00:11]} Kg3 {[%emt 0:00:30]} 92. Qe1+ {[%emt 0:01:48]} Kg2 {[%emt 0:00:06]} 93. Qe2+ {[%emt 0:00:41]} Kh3 {[%emt 0:00:07]} 94. Qf1+ {[%emt 0:00:21]} Kh4 {[%emt 0:00:10]} 95. Qe1+ {[%emt 0:00:23]} Kg5 {[%emt 0:00:38]} 96. Qe3+ {[%emt 0:00:15]} Kh4 {[%emt 0:00:39]} 97. Kb5 {[%emt 0:01:09]} Qd1 {[%emt 0:01:37]} 98. Qe7+ {[%emt 0:00:31]} Kh3 {[%emt 0:00:19]} 99. Qh7+ {[%emt 0:00:38]} Kg2 {[%emt 0:00:13]} 100. Qe4 {[%emt 0:00:34]} g3 {[%emt 0:01:12]} 101. Qe3 {[%emt 0:00:15]} Qf1+ {[%emt 0:00:12]} 102. Kb4 {[%emt 0:00:29]} Qb1+ {[%emt 0:01:06]} 103. Kc3 {[%emt 0:00:30]} Qa1+ {[%emt 0:00:05]} 104. Kb3 {[%emt 0:00:43]} Qd1+ {[%emt 0:00:31]} 105. Kc3 {[%emt 0:00:12]} Qf1 {[%emt 0:00:31]} 106. Kd2 {[%emt 0:00:46]} Qf2+ {[%emt 0:00:27]} 107. Kd3 {[%emt 0:00:05]} Qxe3+ {[%emt 0:00:55]} 108. Kxe3 {[%emt 0:00:05]} Kh2 {[%emt 0:00:04]} 109. Bxf3 {[%emt 0:00:05]} g2 {[%emt 0:00:04]} 110. Bxg2 {[%emt 0:00:05]} 1/2-1/2

[Event "Novoborska Sachova Corrida 2019"]
[Site "Novy Bor"]
[Date "2019.08.22"]
[Round "5.2"]
[White "Werle, Jan"]
[Black "Kriebel, Tadeas"]
[Result "0-1"]
[WhiteElo "2540"]
[BlackElo "2531"]
[Annotator "ChessBase"]
[PlyCount "78"]
[EventDate "2019.08.21"]
[EventCountry "CZE"]
[SourceTitle "playchess.com"]
[Source "ChessBase"]
[SourceQuality "1"]
[TimeControl "40/5400+30:1800+30"]

1. d4 {[%emt 0:00:00]} Nf6 {[%emt 0:00:00]} 2. c4 {[%emt 0:00:00]} e6 {[%emt 0:00:00]} 3. Nf3 {[%emt 0:00:00]} d5 {[%emt 0:00:00]} 4. Nc3 {[%emt 0:00:00]} dxc4 {[%emt 0:00:00]} 5. e4 {[%emt 0:00:00]} b5 {[%emt 0:00:07]} 6. e5 {[%emt 0:00:13]} Nd5 {[%emt 0:00:04]} 7. Nxb5 {[%emt 0:00:05]} Nb6 {[%emt 0:00:05]} 8. a4 {[%emt 0:01:07]} a6 {[%emt 0:00:39]} 9. Nc3 {[%emt 0:06:30]} a5 {[%emt 0:10:23]} 10. Be2 {[%emt 0:04:56]} Nc6 {[%emt 0:02:59]} 11. Bg5 {[%emt 0:05:31]} Qd7 {[%emt 0:01:56]} 12. O-O {[%emt 0:01:05]} Bb7 {[%emt 0:03:31]} 13. Nb5 {[%emt 0:09:04]} Be7 {[%emt 0:17:05]} 14. Qc1 {[%emt 0:09:33]} Bxg5 {[%emt 0:01:58]} 15. Qxg5 {[%emt 0:04:08]} O-O {[%emt 0:05:41]} 16. Rfc1 {[%emt 0:14:16]} Na7 {[%emt 0:12:42]} 17. Na3 {[%emt 0:08:36]} Bd5 {[%emt 0:02:16]} 18. Qh4 {[%emt 0:01:50]} Nc6 {[%emt 0:00:42]} 19. Nc2 {[%emt 0:09:08]} Rad8 {[%emt 0:06:17]} 20. Nd2 {[%emt 0:07:11]} f6 {[%emt 0:10:32]} 21. exf6 {[%emt 0:01:46]} Rxf6 {[%emt 0:00:41]} 22. f3 {[%emt 0:02:03]} Rdf8 {[%emt 0:02:52]} 23. Rd1 {[%emt 0:03:11]} Ne7 {[%emt 0:03:13]} 24. Ne3 {[%emt 0:01:41]} Ng6 {[%emt 0:00:06]} 25. Qf2 {[%emt 0:00:13]} Nf4 {[%emt 0:00:43]} 26. Kh1 {[%emt 0:02:04]} Rg6 {[%emt 0:01:40]} 27. Bf1 {[%emt 0:00:59]} Qe7 {[%emt 0:02:45]} 28. Qe1 {[%emt 0:04:51]} Qg5 {[%emt 0:01:30]} 29. Qf2 {[%emt 0:00:11]} Qh5 {[%emt 0:01:23]} 30. Ra3 {[%emt 0:01:51]} Nh3 {[%emt 0:05:21]} 31. Qe1 {[%emt 0:01:20]} Bxf3 {[%emt 0:01:08]} 32. Nxf3 {[%emt 0:00:06]} Qxf3 {[%emt 0:00:23]} 33. Rd2 {[%emt 0:01:26]} Nf2+ {[%emt 0:01:59]} 34. Kg1 {[%emt 0:00:02]} Nh3+ {[%emt 0:00:27]} 35. Kh1 {[%emt 0:00:03]} Qe4 {[%emt 0:01:16]} 36. Re2 {[%emt 0:01:21]} Rgf6 {[%emt 0:00:40]} 37. Ra1 {[%emt 0:00:09]} Nf2+ {[%emt 0:00:48]} 38. Kg1 {[%emt 0:00:03]} Qxd4 {[%emt 0:00:34]} 39. Qxa5 {[%emt 0:00:30]} Nd5 {[%emt 0:00:28]} 0-1

[Event "Novoborska Sachova Corrida 2019"]
[Site "Novy Bor"]
[Date "2019.08.23"]
[Round "6.1"]
[White "Nguyen, Thai Dai Van"]
[Black "Van Wely, Loek"]
[Result "1/2-1/2"]
[WhiteElo "2535"]
[BlackElo "2608"]
[Annotator "TA"]
[PlyCount "69"]
[EventDate "2019.08.21"]
[EventCountry "CZE"]
[SourceTitle "playchess.com"]
[Source "ChessBase"]
[SourceQuality "1"]

{[%evp 17,69,23,8,7,9,0,0,0,13,14,6,5,22,17,12,11,37,4,63,59,49,12,7,10,14,9,8,15,8,11,11,0,0,0,17,0,0,0,0,0,0,0,0,0,0,0,0,0,0,0,0,0,0,0]} 1. d4 d5 2. c4 e6 3. Nf3 dxc4 4. e3 Nf6 5. Bxc4 c5 6. O-O Nc6 7. Nc3 a6 8. dxc5 Qxd1 9. Rxd1 Bxc5 10. b3 {D27: Queen's Gambit Accepted: Classical main line: 7 e4!? and 7 a4} (10. Be2 O-O 11. Bd2 Bd7 12. Rac1 Ba7 13. Ng5 Rfd8 14. Nce4 Nxe4 15. Nxe4 Be8 16. Be1 Rxd1 17. Bxd1 Ne5 {½-½ (38) Jakovenko,D (2710)-Giri,A (2762) Antalya 2017}) 10... O-O 11. Bb2 b5 12. Bd3 Bb7 13. Ne4 Be7 14. Nxf6+ Bxf6 15. Bxf6 gxf6 16. Be4 Rad8 $146 (16... f5 $5 {[%cal Rf5e4]} 17. Bxc6 Bxc6 $11) ({Predecessor:} 16... Rfd8 17. b4 Rab8 18. Bxc6 Bxc6 {1-0 (51) Trevelyan,J (2205)-Young,A (2370) Hensol Park 2007}) 17. Bxc6 Rxd1+ (17... Bxc6 $11 18. Ne1 Kg7) 18. Rxd1 $14 Bxc6 {[%mdl 4096] Endgame KRB-KRN} 19. Nd4 (19. Rd6 $5 {[%cal Rd6c6]} Bxf3 20. gxf3 $11) 19... Rd8 {The position is equal.} 20. Rc1 Be4 21. f3 Bg6 22. b4 Bd3 23. Nc6 Rd6 24. Na5 Be2 25. Rc2 Rd1+ 26. Kf2 Bd3 27. Rc8+ Kg7 28. Rd8 Rf1+ $1 29. Kg3 Bc4 30. Nxc4 bxc4 31. Rc8 Ra1 32. Rxc4 Rxa2 33. Rc6 Ra4 34. e4 Rxb4 35. Rxa6 {Accuracy: White = 54%, Black = 75%.} 1/2-1/2

[Event "Novoborska Sachova Corrida 2019"]
[Site "Novy Bor"]
[Date "2019.08.23"]
[Round "6.2"]
[White "Kriebel, Tadeas"]
[Black "Werle, Jan"]
[Result "1/2-1/2"]
[WhiteElo "2531"]
[BlackElo "2540"]
[Annotator "ChessBase"]
[PlyCount "86"]
[EventDate "2019.08.21"]
[EventCountry "CZE"]
[SourceTitle "playchess.com"]
[Source "ChessBase"]
[SourceQuality "1"]
[TimeControl "40/5400+30:1800+30"]

1. e4 {[%emt 0:00:00]} c5 {[%emt 0:00:00]} 2. Nf3 {[%emt 0:00:00]} e6 {[%emt 0:00:00]} 3. d4 {[%emt 0:00:00]} cxd4 {[%emt 0:00:00]} 4. Nxd4 {[%emt 0:00:00]} a6 {[%emt 0:00:00]} 5. Nc3 {[%emt 0:00:03]} Qc7 {[%emt 0:00:03]} 6. Bd3 {[%emt 0:02:32]} Nf6 {[%emt 0:00:25]} 7. Qe2 {[%emt 0:02:10]} d6 {[%emt 0:02:42]} 8. g4 {[%emt 0:02:19]} Nc6 {[%emt 0:02:27]} 9. Nb3 {[%emt 0:12:03]} Be7 {[%emt 0:00:42]} 10. g5 {[%emt 0:08:57]} Nd7 {[%emt 0:00:05]} 11. Be3 {[%emt 0:00:14]} b5 {[%emt 0:01:03]} 12. O-O-O {[%emt 0:01:51]} b4 {[%emt 0:04:21]} 13. Na4 {[%emt 0:06:47]} Nce5 {[%emt 0:01:13]} 14. Nd2 {[%emt 0:04:00]} Bb7 {[%emt 0:09:26]} 15. f4 {[%emt 0:00:54]} Nxd3+ {[%emt 0:01:09]} 16. Qxd3 {[%emt 0:00:06]} Bc6 {[%emt 0:03:24]} 17. b3 {[%emt 0:00:15]} Bxa4 {[%emt 0:01:07]} 18. bxa4 {[%emt 0:00:05]} O-O {[%emt 0:00:49]} 19. Nb3 {[%emt 0:04:40]} Rfc8 {[%emt 0:05:30]} 20. Kb1 {[%emt 0:00:20]} Nb6 {[%emt 0:06:20]} 21. Bxb6 {[%emt 0:01:12]} Qxb6 {[%emt 0:00:08]} 22. a5 {[%emt 0:03:42]} Qb7 {[%emt 0:01:20]} 23. h4 {[%emt 0:08:29]} Rc3 {[%emt 0:00:31]} 24. Qe2 {[%emt 0:00:09]} Rac8 {[%emt 0:00:32]} 25. Rd2 {[%emt 0:00:19]} Qa7 {[%emt 0:17:04]} 26. Re1 {[%emt 0:04:22]} Rg3 {[%emt 0:02:58]} 27. Rd3 {[%emt 0:03:18]} Rg1 {[%emt 0:01:36]} 28. Rxg1 {[%emt 0:00:10]} Qxg1+ {[%emt 0:00:04]} 29. Rd1 {[%emt 0:00:08]} Qa7 {[%emt 0:00:38]} 30. f5 {[%emt 0:01:47]} Qc7 {[%emt 0:03:34]} 31. fxe6 {[%emt 0:10:37]} fxe6 {[%emt 0:00:05]} 32. Nd4 {[%emt 0:00:26]} Qc4 {[%emt 0:10:11]} 33. Qxc4 {[%emt 0:00:24]} Rxc4 {[%emt 0:00:04]} 34. Nxe6 {[%emt 0:00:05]} Rxe4 {[%emt 0:00:34]} 35. Nc7 {[%emt 0:00:06]} Rxh4 {[%emt 0:01:43]} 36. Nxa6 {[%emt 0:00:13]} Bd8 {[%emt 0:10:15]} 37. Rxd6 {[%emt 0:05:46]} Bxa5 {[%emt 0:00:05]} 38. Kb2 {[%emt 0:05:08]} Rc4 {[%emt 0:03:24]} 39. Rd5 {[%emt 0:00:53]} Bb6 {[%emt 0:00:07]} 40. Kb3 {[%emt 0:00:00]} Rc3+ {[%emt 0:00:00]} 41. Kb2 {[%emt 0:05:49]} Rc4 {[%emt 0:01:33]} 42. Kb3 {[%emt 0:00:07]} Rc3+ {[%emt 0:00:36]} 43. Kb2 {[%emt 0:00:13]} Rc4 {[%emt 0:00:11]} 1/2-1/2

[Event "Novoborska Sachova Corrida 2019"]
[Site "Novy Bor"]
[Date "2019.08.24"]
[Round "7.1"]
[White "Nguyen, Thai Dai Van"]
[Black "Van Wely, Loek"]
[Result "0-1"]
[WhiteElo "2535"]
[BlackElo "2608"]
[Annotator "TA"]
[PlyCount "58"]
[EventDate "2019.08.21"]
[EventCountry "CZE"]
[SourceTitle "playchess.com"]
[Source "ChessBase"]
[SourceQuality "1"]

{[%evp 11,58,17,25,25,27,3,4,8,18,24,25,25,25,25,25,22,70,43,215,222,208,210,218,214,209,128,143,47,68,12,343,156,142,56,44,-251,-261,-262,-255,-403,-394,-413,-412,-413,-412,-548,-539,-1045,-1016]} 1. d4 d5 2. c4 e6 3. Nf3 dxc4 4. e3 Nf6 5. Bxc4 c5 6. O-O Nc6 7. Nc3 {D26: Queen's Gambit Accepted: 4 e3 e6 5 Bxc5 c5 sidelines} a6 8. d5 (8. dxc5 Bxc5 9. Qxd8+ Kxd8 10. Bd2 Ke7 11. Rac1 Bd7 12. Bd3 Bd6 13. Na4 Nb4 14. Bxb4 Bxb4 15. Nb6 Rab8 16. Ne5 Bd6 17. Nexd7 Nxd7 18. Nxd7 Kxd7 {½-½ (25) Vidit,S (2702)-So,W (2765) Kolkata 2018}) 8... Na5 9. b3 {The position is equal.} b5 $1 {[%cal Rb5c4]} 10. Bd3 $1 exd5 11. e4 $1 dxe4 12. Nxe4 Nxe4 13. Qe2 $40 {[%mdl 128] White has some attack.} Ra7 $146 ({Predecessor:} 13... Be7 14. Bxe4 {1-0 (35) Jaffe,C-Janowski,D New York 1923}) 14. Bxe4 {[%cal Re4c6]} (14. Rd1 $5 {[%cal Rd3b5]} Bd6 15. Qxe4+ (15. Bxe4 O-O $14) 15... Re7 16. Qh4 $16) 14... Re7 $2 {[#]} (14... Be7 $1 $14) 15. Bg5 $1 $18 {[%mdl 1024] White has strong compensation.} f6 {aiming for ...Bb7.} 16. Rad1 Qc7 {[#]} 17. Nh4 $1 {Black must now prevent Qh5+.} Be6 ({Don't play} 17... fxg5 $6 18. Qh5+ Rf7 19. Bd5) 18. Be3 {Qh5+ is the strong threat.} g6 19. Qc2 (19. Rfe1 $16) 19... c4 $14 {[%cal Rc4b3]} 20. Rfe1 (20. Bd2 $1 $14) 20... Bf7 $2 {[%mdl 8192]} (20... cxb3 $11 {and Black is okay.} 21. Qxc7 Rxc7) 21. b4 (21. Qd2 $18 {is more deadly. Strongly threatening Bb6!} Rd7 22. Qxd7+ {[%mdl 64] Overworked Piece} Qxd7 23. Bb6 (23. Rxd7 Kxd7 24. Rd1+ Kc8 $17)) 21... Nc6 $16 {[%cal Ba5c6,Bc6e5,Be5d3][%mdl 32]} 22. Bc5 (22. Qc3 $16 Ne5 23. Nf3) 22... Re6 $14 23. Bd5 $2 {[%mdl 8192]} (23. Qd2 $14 {stays ahead.} Ne5 24. Bd5 Bxc5 25. Bxe6) 23... Rxe1+ $19 24. Rxe1+ Ne5 25. Qe4 (25. Bxf8 {might work better.} Kxf8 26. Be4) 25... Bxc5 26. bxc5 O-O 27. c6 Qd6 28. Rd1 {Hoping for Bxf7+.} Kg7 29. f4 Nd3 {Accuracy: White = 24%, Black = 66%.} 0-1

[Event "Novoborska Sachova Corrida 2019"]
[Site "Novy Bor"]
[Date "2019.08.24"]
[Round "8.1"]
[White "Van Wely, Loek"]
[Black "Nguyen, Thai Dai Van"]
[Result "1-0"]
[WhiteElo "2608"]
[BlackElo "2535"]
[Annotator "TA"]
[PlyCount "221"]
[EventDate "2019.08.21"]
[EventCountry "CZE"]
[SourceTitle "playchess.com"]
[Source "ChessBase"]
[SourceQuality "1"]

{[%evp 9,221,-10,0,-20,-15,-14,-11,-14,-1,-21,-3,-14,-12,-14,0,-48,0,-31,-32,-20,-17,-22,-16,-20,0,-68,-74,-72,-54,-52,-60,-67,-61,-95,-52,-48,-57,-57,-58,-141,-115,-112,-96,-77,0,-49,0,-6,0,-9,0,0,0,-27,-21,-172,-24,-195,-197,-164,-187,-183,-189,-248,-227,-262,-242,-254,-252,-250,-255,-276,-275,-271,-250,-249,-249,-223,-210,-231,-156,-155,-148,-145,-91,-148,-148,-148,-148,-147,-147,-147,-147,-214,-209,-213,-68,-68,-68,-68,-68,-68,-68,-68,-68,-68,-68,-68,-68,-68,0,-68,-68,-68,-68,-69,-68,-68,-68,-68,-68,-68,-68,-68,-68,-68,-56,-68,-68,-68,-68,-68,-68,-68,-68,-68,-56,-49,0,-68,-64,-64,-64,-64,-64,-64,-64,-64,-64,-64,-63,-63,-63,-63,-62,-658,-658,-658,-658,-658,-658,-658,-658,-658,-650,-650,-650,-650,-650,-650,-643,-643,-636,-629,-627,-607,0,-484,-439,-433,332,332,332,283,332,332,256,176,176,176,568,169,332,332,1646,1580,1489,1555,1455,1479,1249,1249,1132,1085,1792,1272,608,599,6281,6281,6266,5716,5081,5073]} 1. c4 Nf6 2. Nc3 e5 3. g3 Bb4 4. e4 Bxc3 5. dxc3 d6 6. Qc2 $146 {A22: English Opening: 1...e5 2 Nc3 Nf6} (6. f3 a5 7. Nh3 a4 8. Nf2 Be6 9. Bd3 Nbd7 10. Qe2 c6 11. f4 Nb6 {½-½ (63) Carlsen,M (2845)-Anand,V (2774) Karlsruhe/Baden Baden 2019}) 6... a5 7. Nf3 a4 8. Nh4 {The position is equal.} O-O 9. Ng2 Nbd7 10. Ne3 Nc5 11. Bg2 Be6 12. h3 Qc8 13. g4 (13. Nd5 $5 {[%cal Rd5e7]} Kh8 14. Qe2 $11) 13... c6 14. O-O Qc7 15. Rd1 Rfd8 16. f3 Nfd7 17. h4 (17. Bf1 $11) 17... Nb6 $15 18. Qe2 d5 19. cxd5 cxd5 20. exd5 Bxd5 21. g5 Ne6 22. Ng4 Bc4 23. Rxd8+ Rxd8 24. Qxe5 (24. Qe1 $1 $15) 24... Rd1+ $17 25. Kh2 Qxe5+ $1 26. Nxe5 Bxa2 (26... Ba6 $17 27. b3 Nd5) 27. Ng4 Bb3 {aiming for ...Re1.} 28. Nf2 $1 {[%cal Rf2d1]} Rd8 29. f4 Nc4 30. Bxb7 Nc5 31. Bc6 Bc2 32. f5 $2 (32. Bb5 $11 Nd6 33. c4) 32... Na5 (32... Ne5 $19 33. Bh1 Nb3) 33. Be3 $2 (33. b4 $1 $11 {and White has nothing to worry.} Nxc6 34. bxc5) 33... Ncb3 $19 34. Rxa4 Nxc6 35. f6 Nd2 36. Ra6 (36. Ra1 $142) 36... Nf1+ 37. Kg1 Nxe3 38. Rxc6 gxf6 39. Rxf6 Rb8 40. b4 Rc8 41. Rf3 Nd5 42. Ng4 Kg7 43. Ne5 Bg6 $1 (43... Nxc3 44. Rxf7+ Kg8 45. Rd7 $17) 44. b5 Nxc3 (44... Rxc3 45. Rxc3 Nxc3 46. Nxg6 $11) 45. b6 Na4 46. Rb3 {Hoping for b7.} Rb8 (46... Be4 $142 $1 47. h5 (47. b7 $2 Rb8 $19) 47... Rc1+ 48. Kf2 Nc5) 47. b7 ({White should try} 47. Nd7 Rb7 48. Rb4) 47... Be4 $1 $17 (47... Nc5 48. Rb5 $15) 48. Rb4 Nc3 $1 ({Don't play} 48... Rxb7 $6 49. Rxa4 (49. Rxe4 Re7 $11) 49... Bd5 50. Kf2 $11) 49. Rc4 Ne2+ ({Much weaker is} 49... Rxb7 $6 50. Rxc3 f6 51. Rc4 $11) 50. Kf2 Bxb7 {Strongly threatening ...Bd5.} 51. Rb4 {[#]} (51. h5 $17) 51... Re8 $1 $19 {[%cal Re8e5]} 52. Nxf7 Kxf7 (52... Bc6 $19 53. Nh6 Nc1) 53. Rxb7+ {[%mdl 4096] Endgame KRN-KR} Kg8 54. Kf3 Nd4+ 55. Kf4 Ne6+ 56. Kg4 Ra8 57. Rb4 Rd8 58. Kf5 Ng7+ 59. Kg4 Ne6 60. Kf5 $1 Nd4+ 61. Kg4 Nc6 62. Rb7 Ne5+ 63. Kf5 Nf7 64. Ra7 Rd1 65. Ra8+ Kg7 {Threatens to win with ...Rd4.} 66. Ra7 Rf1+ 67. Kg4 $1 Kf8 68. Kh5 Rf4 69. Rb7 Kg8 70. Rb8+ Kg7 71. Rb7 Rd4 72. Ra7 Kg8 73. Ra8+ Kg7 74. Ra7 Re4 75. Rb7 Kf8 76. Ra7 Re6 77. Ra8+ Kg7 78. Ra7 Re8 79. Kg4 Kg8 80. h5 Ne5+ 81. Kf5 Nc6 82. Rc7 $2 {[%mdl 8192]} (82. Rd7 $15) 82... Nd4+ 83. Kg4 Re4+ 84. Kg3 {intending Rc8+.} Ne6 {[%mdl 64] Double Attack} 85. Rc8+ Kg7 86. g6 h6 87. Ra8 Rc4 88. Ra7+ Rc7 89. Ra6 Kf6 90. Kg4 Rc4+ 91. Kg3 Rc5 92. Kg4 Rc4+ 93. Kg3 $1 Kf5 94. Ra5+ {[#]} Rc5 $4 {[%mdl 8192] [#]} (94... Ke4 $1 $19 {and all is fine.} 95. Ra7 Nd4) 95. g7 $1 $18 {[%mdl 512]} Rxa5 (95... Nxg7 96. Rxc5+) 96. g8=Q {KQ-KRN} Ra3+ 97. Kf2 Ra2+ 98. Ke1 Ra1+ 99. Kd2 {Black must now prevent Qg6+.} Ra2+ $2 (99... Ng5 {is a better chance.} 100. Qd5+ Kf4 101. Qd6+ Kf5 102. Qxh6 Ne4+ 103. Kc2 Rh1 104. Qg6+ Kf4) 100. Kc3 $2 (100. Kc1) 100... Ra3+ $2 (100... Re2 {was called for.} 101. Qg6+ Kf4 102. Qxh6+ Kg4 103. Qg6+ Ng5) 101. Kb2 {And now Qg6+ would win.} Rh3 $2 (101... Ra7 102. Qg6+ Ke5 103. Qxh6 Rb7+ 104. Ka3 Ra7+ 105. Kb4 Rb7+ 106. Ka5 Ra7+ 107. Kb4 Rb7+ 108. Ka5 Ra7+ 109. Kb6 Rf7 110. Qe3+ Kf5 111. Qd3+ Kg4 112. Qg6+ Ng5) 102. Qg6+ {White is clearly winning.} Ke5 103. Qxh6 Rh2+ 104. Ka3 Rh3+ 105. Kb4 Rh4+ 106. Ka5 Rg4 107. Qh8+ Kf5 108. h6 Rh4 109. h7 Rh5 110. Qg8 Kf6+ 111. Kb4 {Accuracy: White = 51%, Black = 53%.} 1-0